| 000 | 00455nam a2200181Ia 4500 | ||
|---|---|---|---|
| 001 | 70998 | ||
| 008 | 160226s9999 xx 000 0 und d | ||
| 020 | _a9780521696241 | ||
| 040 | _cPK-LaUMT | ||
| 082 |
_a 515 _bCAR-R |
||
| 100 | _aCarothers, N. L. | ||
| 245 |
_aReal analysis _cCarothers, N. L. |
||
| 260 |
_aCambridge,USA: _bCambridge University Press, _c2000 |
||
| 300 | _a401 p. | ||
| 546 | _aEN | ||
| 650 | _aMathematical analysis | ||
| 942 | _cBK | ||
| 999 |
_c83401 _d83401 |
||